[Event "2BLN 1718 SK Union Oldenburg - SF Berli"]
[Site "?"]
[Date "2017.12.10"]
[Round "4.4"]
[White "Meessen, Max"]
[Black "Nogly, Christoph"]
[Result "1/2-1/2"]
[WhiteElo "2183"]
[BlackElo "2262"]
[PlyCount "88"]
[EventDate "2017.??.??"]

1. d4 d5 2. c4 e6 3. Nc3 Nf6 4. cxd5 exd5 5. Bg5 c6 6. e3 Be7 7. Bd3 Nbd7 8.
Qc2 h6 9. Bh4 Nh5 10. Bxe7 Qxe7 11. O-O-O Nb6 12. h3 Be6 13. Nf3 O-O-O 14. Ne5
Kb8 15. Na4 Nxa4 16. Qxa4 Nf6 17. Kb1 Nd7 18. Nxd7+ Bxd7 19. Qc2 Qg5 20. Rdg1
h5 21. h4 Qf6 22. Ka1 g6 23. Rc1 Rhe8 24. b4 Qd6 25. Qc5 Qxc5 26. Rxc5 a6 27.
Kb2 Kc7 28. Kc1 Kd6 29. Kd2 Ra8 30. Rb1 Rec8 31. Rc3 Ke7 32. a4 Kd6 33. Rb2 Ke7
34. f3 f5 35. e4 fxe4 36. fxe4 dxe4 37. Bxe4 Rf8 38. Rf3 Rxf3 39. Bxf3 Rf8 40.
Ke3 Kd6 41. Be4 Bf5 42. Bf3 Bd7 43. Be4 Bf5 44. Bf3 Bd7 1/2-1/2

[Event "2BLN 1718 SK Union Oldenburg - SF Berli"]
[Site "?"]
[Date "2017.12.10"]
[Round "4.5"]
[White "Chatzidakis, Mihail Dr"]
[Black "Reuker, Jari"]
[Result "1-0"]
[WhiteElo "2320"]
[BlackElo "2334"]
[PlyCount "127"]
[EventDate "2017.??.??"]

1. e4 c5 2. Nf3 e6 3. g3 d5 4. exd5 exd5 5. Bg2 Nc6 6. O-O Bg4 7. h3 Bh5 8. d4
Nf6 9. c4 Bxf3 10. Bxf3 Nxd4 11. Bg2 Be7 12. Nc3 O-O 13. cxd5 Qd7 14. g4 Rad8
15. a4 Bd6 16. Be3 Bc7 17. Bxd4 cxd4 18. Qxd4 Qd6 19. Rfe1 a6 20. Rad1 Rfe8 21.
Rxe8+ Rxe8 22. Kf1 h6 23. Re1 Rxe1+ 24. Kxe1 Nd7 25. Ne4 Qe5 26. Qxe5 Bxe5 27.
b3 Kf8 28. Kd2 b6 29. b4 Ke7 30. Kd3 Nf6 31. Nd2 Ne8 32. Nc4 Bc7 33. a5 bxa5
34. Nxa5 f6 35. Be4 Bb6 36. f3 Nd6 37. Nc6+ Kf7 38. Kc2 Nc4 39. Kc3 Ne5 40. Na5
Ke7 41. f4 Nd7 42. Bf5 Nb8 43. Be6 Bc7 44. f5 Bg3 45. Nb7 Bc7 46. Kc4 Bf4 47.
Bc8 Bg3 48. Nc5 Bd6 49. Ne6 Kf7 50. h4 g5 51. fxg6+ Kxg6 52. h5+ Kf7 53. Nd4
Ke8 54. Nf5 Bf8 55. d6 Kd8 56. Bb7 Ke8 57. Kd5 Kd7 58. Ba8 Kd8 59. Bc6 Kc8 60.
Ba4 Kb7 61. Ke6 Nc6 62. Bxc6+ Kxc6 63. d7 Kc7 64. Nd6 1-0

[Event "2BLN 1718 SK Union Oldenburg - SF Berli"]
[Site "?"]
[Date "2017.12.10"]
[Round "4.6"]
[White "Hermann, Manfred"]
[Black "Florstedt, Johannes"]
[Result "0-1"]
[WhiteElo "2301"]
[BlackElo "2277"]
[PlyCount "98"]
[EventDate "2017.??.??"]

1. e4 c5 2. c3 d5 3. exd5 Qxd5 4. d4 Nc6 5. Nf3 g6 6. Be2 Bg7 7. dxc5 Qxc5 8.
Be3 Qf5 9. O-O Nf6 10. Nd4 Nxd4 11. Bxd4 O-O 12. Bd3 Qh5 13. Qxh5 Nxh5 14. Bxg7
Kxg7 15. Re1 Nf4 16. Bf1 Rd8 17. Na3 Be6 18. Nb5 Rd2 19. Nc7 Rad8 20. Nxe6+
Nxe6 21. Rab1 Rc2 22. Re2 Rdd2 23. Rxd2 Rxd2 24. g3 Kf6 25. a3 b6 26. b4 Ra2
27. Rb3 g5 28. h3 h5 29. c4 Nd4 30. Rc3 g4 31. hxg4 hxg4 32. c5 Rc2 33. Rxc2
Nxc2 34. c6 Ke6 35. Bc4+ Kd6 36. Bxf7 Nxa3 37. f3 Kxc6 38. fxg4 Kd6 39. Kf2 Ke5
40. Bb3 Nb5 41. Bc2 Kf6 42. Bd3 Nd6 43. b5 Kg5 44. Ke3 Kxg4 45. Kd4 Kxg3 46.
Kd5 Kf4 47. Ke6 Ke3 48. Bf1 Kd4 49. Kxe7 Kc5 0-1

[Event "2BLN 1718 SK Union Oldenburg - SF Berli"]
[Site "?"]
[Date "2017.12.10"]
[Round "4.7"]
[White "Priebe, Jan"]
[Black "Wittje, Berthold"]
[Result "1-0"]
[WhiteElo "2268"]
[BlackElo "2234"]
[PlyCount "107"]
[EventDate "2017.??.??"]

1. e4 Nf6 2. e5 Nd5 3. Nf3 d6 4. d4 Bg4 5. Be2 c6 6. O-O Bxf3 7. Bxf3 dxe5 8.
dxe5 e6 9. Nd2 Qc7 10. Re1 Nd7 11. Nc4 N7b6 12. Qd4 O-O-O 13. Nd6+ Bxd6 14.
exd6 Qxd6 15. Qxg7 Rhg8 16. Qd4 Qb4 17. Qxb4 Nxb4 18. Bd1 Nc4 19. a3 Nd5 20.
Bf3 Nd6 21. g3 Nf5 22. c3 Nf6 23. Rd1 Rxd1+ 24. Bxd1 h5 25. Bc2 h4 26. Bd2 Nd6
27. Re1 hxg3 28. fxg3 Kd7 29. Kg2 Nd5 30. h4 f5 31. Kf3 Nf6 32. Bf4 Nh5 33.
Rxe6 Ne4 34. Rh6 Nxf4 35. Rh7+ Kd6 36. Kxf4 Nxg3 37. Rxb7 Rg4+ 38. Kf3 Ne4 39.
Bxe4 Rxe4 40. Rb4 Re1 41. h5 Rh1 42. Ra4 Rh3+ 43. Kg2 Rxh5 44. Rxa7 Ke5 45. a4
Kf4 46. Rb7 Ke3 47. Re7+ Kd3 48. a5 f4 49. a6 Ra5 50. a7 Ra4 51. Kf3 c5 52. b4
Kc4 53. Rc7 Kxc3 54. b5 1-0

[Event "2BLN 1718 SK Union Oldenburg - SF Berli"]
[Site "?"]
[Date "2017.12.10"]
[Round "4.8"]
[White "Schuette, Marc"]
[Black "Brettschneider, Stefan"]
[Result "1/2-1/2"]
[WhiteElo "2132"]
[BlackElo "2254"]
[PlyCount "107"]
[EventDate "2017.??.??"]

1. e4 d6 2. d4 g6 3. Nf3 Bg7 4. c3 Nc6 5. Bb5 a6 6. Ba4 Nf6 7. Qe2 O-O 8. h3 e5
9. dxe5 Nxe5 10. Nxe5 dxe5 11. Nd2 Nd7 12. Nf3 Nc5 13. Bc2 a5 14. Bg5 Qd6 15.
Rd1 Qc6 16. O-O Be6 17. Be7 Rfe8 18. Bxc5 Qxc5 19. Bb3 Qb6 20. Qc2 Bxb3 21.
axb3 Qc6 22. Rd5 a4 23. b4 a3 24. Ra1 axb2 25. Qxb2 Rxa1+ 26. Qxa1 Qc4 27. Nd2
Qc6 28. b5 Qe6 29. Qa7 c6 30. bxc6 Qxc6 31. Rc5 Qd6 32. Rd5 Qc6 33. Rc5 Qd7 34.
Rd5 Qc6 35. g3 Bf8 36. Nb3 Qc4 37. Qxb7 Qxe4 38. Nd2 Qf5 39. Qd7 Qxd7 40. Rxd7
Re7 41. Ne4 f5 42. Rxe7 Bxe7 43. Nd2 Kf7 44. Kf1 Ke6 45. c4 e4 46. Ke2 Ke5 47.
Nb3 g5 48. Na5 Bc5 49. Nc6+ Kd6 50. Na5 Bb6 51. Nb3 Ke5 52. f3 h5 53. fxe4 fxe4
54. Nd2 1/2-1/2

[Event "2BLN 1718 Hamburger SK II - SK König T"]
[Site "?"]
[Date "2017.12.10"]
[Round "4.1"]
[White "Stern, Rene"]
[Black "Engel, Luis"]
[Result "1/2-1/2"]
[WhiteElo "2523"]
[BlackElo "2362"]
[PlyCount "108"]
[EventDate "2017.??.??"]

1. d4 Nf6 2. g3 g6 3. Bg2 Bg7 4. e4 O-O 5. Ne2 c5 6. c3 cxd4 7. cxd4 d5 8. e5
Ne8 9. Nbc3 Nc7 10. Nf4 Nc6 11. O-O Ne6 12. Nfe2 Nc7 13. Be3 b6 14. Nf4 e6 15.
h4 Ba6 16. Nce2 Ne7 17. h5 Nf5 18. hxg6 hxg6 19. Bd2 Qd7 20. Re1 Rfc8 21. Bh3
Nb5 22. Bb4 Rc4 23. Bxf5 exf5 24. a3 g5 25. Nh5 f4 26. gxf4 Qg4+ 27. Neg3 Qh3
28. Bc3 Bc8 29. f5 Bxf5 30. Qf3 Be4 31. Rxe4 dxe4 32. Qxe4 Rac8 33. Nxg7 Nxc3
34. bxc3 Rxc3 35. Rf1 Kxg7 36. Nf5+ Kf8 37. Qb1 Qg4+ 38. Ng3 Rxg3+ 39. fxg3
Qxg3+ 40. Kh1 Kg7 41. Rxf7+ Kxf7 42. Qf5+ Kg7 43. Qd7+ Kg6 44. Qxc8 Qh4+ 45.
Kg2 Qe4+ 46. Kg3 Qd3+ 47. Kg2 Qxd4 48. Qe6+ Kh5 49. Qf7+ Kh4 50. e6 Qd5+ 51.
Kf2 Qd2+ 52. Kf1 Kg3 53. Qc7+ Kf3 54. Qf7+ Kg3 1/2-1/2

[Event "2BLN 1718 Hamburger SK II - SK König T"]
[Site "?"]
[Date "2017.12.10"]
[Round "4.2"]
[White "Souleidis, Georgios"]
[Black "Rabiega, Robert"]
[Result "1/2-1/2"]
[WhiteElo "2401"]
[BlackElo "2515"]
[PlyCount "130"]
[EventDate "2017.??.??"]

1. e4 e5 2. Nf3 Nc6 3. Bc4 Nf6 4. d3 Bc5 5. c3 a6 6. O-O d6 7. Nbd2 O-O 8. Bb3
Ba7 9. h3 Re8 10. Re1 h6 11. Nf1 Be6 12. Bc2 d5 13. exd5 Bxd5 14. Ng3 Qd7 15.
Be3 Bxe3 16. Rxe3 g6 17. Qe2 Kg7 18. Ba4 b5 19. Bc2 Bxf3 20. Qxf3 Rad8 21. a4
b4 22. Ne4 Nd5 23. Bb3 bxc3 24. bxc3 Nce7 25. Ree1 Qf5 26. Qxf5 Nxf5 27. a5 c6
28. Bc4 Nc7 29. Nc5 Ra8 30. Re2 Nd6 31. Rae1 e4 32. Nxe4 Nxc4 33. dxc4 Re5 34.
Nd6 Rxe2 35. Rxe2 Ne6 36. Rb2 Rd8 37. Nb7 Rd3 38. Rb6 Rxc3 39. Rxc6 Nd4 40.
Rxa6 Rxc4 41. Rb6 Ra4 42. g3 h5 43. h4 Kf8 44. a6 Ne6 45. Rc6 Ke7 46. Kg2 Ra2
47. Nd6 Kd7 48. Rb6 Kc7 49. Nc4 Nc5 50. Rf6 Rxa6 51. Rxf7+ Kd8 52. Ne5 Re6 53.
f4 Ra6 54. Rg7 Ra2+ 55. Kh3 Ne4 56. Rxg6 Ke7 57. Nc6+ Kf7 58. f5 Nf2+ 59. Kg2
Ng4+ 60. Kf3 Rf2+ 61. Ke4 Nf6+ 62. Kd4 Rxf5 63. Rg5 Rxg5 64. hxg5 Nh7 65. Ne5+
Kg7 1/2-1/2

[Event "2BLN 1718 Hamburger SK II - SK König T"]
[Site "?"]
[Date "2017.12.10"]
[Round "4.3"]
[White "Moreno Tejera, Emilio"]
[Black "Kramer, Julian"]
[Result "0-1"]
[WhiteElo "2430"]
[BlackElo "2373"]
[PlyCount "94"]
[EventDate "2017.??.??"]

1. e4 c5 2. Nf3 d6 3. Bc4 Nf6 4. d3 Nc6 5. c3 e6 6. Bb3 Be7 7. O-O O-O 8. Re1
d5 9. Nbd2 b6 10. e5 Nd7 11. Nf1 Ba6 12. d4 b5 13. a3 cxd4 14. cxd4 b4 15. a4
Na5 16. Bc2 b3 17. Bxb3 Nxb3 18. Qxb3 Nb8 19. Qc2 Qe8 20. Qd1 Nc6 21. Bg5 Bb4
22. Re3 h6 23. Bh4 Rb8 24. Rc1 Bxf1 25. Qxf1 Qd7 26. b3 Ba3 27. Rce1 Na5 28.
Nd2 Rfc8 29. Rg3 Bf8 30. Qe2 Nc6 31. Qg4 Ne7 32. Bxe7 Qxe7 33. h4 Qa3 34. Kh2
Qb2 35. Qf4 Rc3 36. Rb1 Qc2 37. Rxc3 Qxc3 38. Nf3 Rc8 39. Ne1 Ba3 40. Nf3 Bc1
41. Qg3 Qc2 42. Ra1 Qb2 43. Rxc1 Rxc1 44. h5 Qb1 45. Qf4 Rh1+ 46. Kg3 Rxh5 47.
Qg4 Rh1 0-1

[Event "2BLN 1718 Hamburger SK II - SK König T"]
[Site "?"]
[Date "2017.12.10"]
[Round "4.4"]
[White "Meissner, Felix"]
[Black "Muse, Mladen"]
[Result "0-1"]
[WhiteElo "2333"]
[BlackElo "2402"]
[PlyCount "132"]
[EventDate "2017.??.??"]

1. e4 g6 2. d4 Bg7 3. Nf3 d6 4. Bc4 Nf6 5. Qe2 c6 6. Bb3 O-O 7. O-O Bg4 8. h3
Bxf3 9. Qxf3 Nbd7 10. c3 e5 11. Bg5 Qa5 12. Be3 d5 13. exd5 Nxd5 14. Na3 exd4
15. Bxd4 Bxd4 16. cxd4 N7b6 17. Rfd1 Qb4 18. Nc2 Qd6 19. Ne3 Rad8 20. Rac1 Kg7
21. Rc5 Ne7 22. a3 h5 23. Re5 Qf6 24. Qxf6+ Kxf6 25. g4 Rxd4 26. Ra5 Rxd1+ 27.
Bxd1 hxg4 28. Nxg4+ Ke6 29. Rxa7 Rb8 30. Bb3+ Ned5 31. Ra5 Kd6 32. Ne3 Nxe3 33.
fxe3 f6 34. Kf2 Rh8 35. Kg3 Re8 36. Kf3 Re7 37. h4 Rh7 38. Kg3 Re7 39. Kf3 Nd7
40. Ra8 Ne5+ 41. Kg3 Nd7 42. Kf3 Rh7 43. Kg3 g5 44. hxg5 Rg7 45. g6 Rxg6+ 46.
Kf2 Rh6 47. Kg2 Rh5 48. a4 Rh4 49. Bd1 Rb4 50. b3 Ke7 51. a5 Nc5 52. Rb8 Kd6
53. Kf3 Kc7 54. Rf8 Nd7 55. Rf7 Kd6 56. Ke2 Rb5 57. Kd2 Ke6 58. Rh7 Rxa5 59. e4
Rg5 60. b4 b5 61. Rh3 c5 62. bxc5 Nxc5 63. Bf3 Re5 64. Ke3 Nxe4 65. Bxe4 f5 66.
Rh4 Kd6 0-1

[Event "2BLN 1718 Hamburger SK II - SK König T"]
[Site "?"]
[Date "2017.12.10"]
[Round "4.5"]
[White "Bruedigam, Martin"]
[Black "Uksini, Bardhyl"]
[Result "1/2-1/2"]
[WhiteElo "2413"]
[BlackElo "2331"]
[PlyCount "38"]
[EventDate "2017.??.??"]

1. e4 c5 2. Nf3 e6 3. g3 Nc6 4. Bg2 Nf6 5. Qe2 e5 6. O-O Be7 7. c3 O-O 8. d3 d6
9. Na3 Rb8 10. Rd1 b5 11. d4 exd4 12. cxd4 c4 13. b3 d5 14. Ne5 Nxe5 15. dxe5
Bg4 16. f3 Nxe4 17. Nb1 Bc5+ 18. Be3 Qb6 19. Re1 Bh5 1/2-1/2

[Event "2BLN 1718 Hamburger SK II - SK König T"]
[Site "?"]
[Date "2017.12.10"]
[Round "4.6"]
[White "Baciu, Diana"]
[Black "Fruebing, Stefan"]
[Result "1-0"]
[WhiteElo "2282"]
[BlackElo "2409"]
[PlyCount "85"]
[EventDate "2017.??.??"]

1. e4 c5 2. Nf3 Nc6 3. Bb5 g6 4. Bxc6 dxc6 5. d3 Bg7 6. h3 Nf6 7. Nc3 O-O 8.
Be3 b6 9. Qd2 e5 10. Bh6 Qd6 11. Nh2 Nh5 12. O-O-O Nf4 13. Bxg7 Kxg7 14. g3 Nh5
15. Ng4 f6 16. Ne2 Be6 17. Kb1 Qd7 18. f4 exf4 19. Nxf4 Nxf4 20. gxf4 Kh8 21.
Ne3 f5 22. e5 g5 23. fxg5 Qg7 24. Ng2 Bd5 25. Rhg1 Bxg2 26. Qxg2 f4 27. Qxc6 f3
28. Rdf1 Rac8 29. Qe4 f2 30. Rg2 Rce8 31. Rgxf2 Rxf2 32. Rxf2 Qxg5 33. Re2 Re6
34. a3 Qg1+ 35. Re1 Qg3 36. c3 Qf2 37. d4 cxd4 38. cxd4 Rg6 39. e6 Rg2 40. Qe5+
Kg8 41. d5 Rg1 42. Rxg1+ Qxg1+ 43. Ka2 1-0

[Event "2BLN 1718 Hamburger SK II - SK König T"]
[Site "?"]
[Date "2017.12.10"]
[Round "4.7"]
[White "Sarbok, Torsten"]
[Black "Sehner, Norbert"]
[Result "1-0"]
[WhiteElo "2308"]
[BlackElo "2332"]
[PlyCount "111"]
[EventDate "2017.??.??"]

1. e4 c5 2. Nf3 d6 3. Bb5+ Nd7 4. c3 Ngf6 5. Qe2 a6 6. Ba4 Qc7 7. d3 g6 8. O-O
Bg7 9. Bc2 e5 10. a4 b6 11. Rd1 O-O 12. Nbd2 d5 13. Nf1 Bb7 14. Ng3 dxe4 15.
dxe4 c4 16. Ne1 Rac8 17. Be3 h5 18. f3 Rfe8 19. Nf1 Bf8 20. Kh1 Qc6 21. Bf2 Qe6
22. Ne3 Bc5 23. Rd2 b5 24. axb5 axb5 25. Rdd1 Qb6 26. b4 cxb3 27. Bxb3 Nf8 28.
Nd3 Ne6 29. Bxe6 Qxe6 30. Nxc5 Rxc5 31. Qb2 Rec8 32. Ra3 Bxe4 33. fxe4 Nxe4 34.
Be1 f5 35. Qb4 Kh7 36. Ra7+ Kh6 37. Rdd7 Nf6 38. Rf7 f4 39. Nf1 Kg5 40. Qb2 Qc4
41. Qf2 R5c7 42. Rfxc7 Rxc7 43. Nd2 Qc6 44. Nf3+ Kf5 45. Qc2+ Ke6 46. Ng5+ Kd7
47. Ra1 e4 48. Rd1+ Kc8 49. Qf2 Rd7 50. Rxd7 Qxd7 51. Qxf4 Qf5 52. Qxf5+ gxf5
53. Ne6 Kb7 54. Nd4 Kb6 55. Nxf5 Kc5 56. Ne3 1-0

[Event "2BLN 1718 Hamburger SK II - SK König T"]
[Site "?"]
[Date "2017.12.10"]
[Round "4.8"]
[White "Doberitz, Paul"]
[Black "Berger, Steve"]
[Result "0-1"]
[WhiteElo "2200"]
[BlackElo "2414"]
[PlyCount "78"]
[EventDate "2017.??.??"]

1. c4 g6 2. Nc3 c5 3. g3 Bg7 4. Bg2 e6 5. Nf3 Nc6 6. O-O Nge7 7. d3 O-O 8. Bd2
d5 9. cxd5 exd5 10. Rb1 b6 11. a3 a5 12. Ng5 h6 13. Nh3 g5 14. e4 dxe4 15. dxe4
Ne5 16. f4 Nc4 17. Bc1 Qxd1 18. Rxd1 Bd4+ 19. Nf2 gxf4 20. Bxf4 Ne3 21. Bxe3
Bxe3 22. Rd6 f5 23. e5 Rb8 24. Re1 f4 25. gxf4 Bxf4 26. Nd3 Bd2 27. Re2 Bg5 28.
Ne4 Nf5 29. Rc6 Nd4 30. Re1 Nxc6 31. Nxg5 Nd4 32. Ne4 Nf3+ 33. Bxf3 Rxf3 34.
Ndf2 Rb7 35. Kg2 Rb3 36. Re2 Rg7+ 37. Ng3 h5 38. e6 Kf8 39. Kh3 Re7 0-1

[Event "2BLN 1718 SV Werder Bremen II - SK Zehl"]
[Site "?"]
[Date "2017.12.10"]
[Round "4.1"]
[White "Meister, Jakob"]
[Black "Zumsande, Martin"]
[Result "1-0"]
[WhiteElo "2426"]
[BlackElo "2460"]
[PlyCount "73"]
[EventDate "2017.??.??"]

1. e4 e6 2. d4 d5 3. Nc3 Nf6 4. Bg5 Bb4 5. e5 h6 6. Bd2 Bxc3 7. Bxc3 Ne4 8. Ne2
c5 9. dxc5 Nc6 10. Bd4 Qe7 11. Ng3 Nxc5 12. Bb5 Bd7 13. Bxc6 Bxc6 14. Nh5 O-O-O
15. O-O g6 16. Nf6 Kb8 17. Qe2 a6 18. Qe3 Ne4 19. Rfd1 Rc8 20. Nxe4 dxe4 21. c4
Qg5 22. Bb6 f5 23. exf6 Qxf6 24. b3 h5 25. h3 g5 26. Qd4 Qf4 27. Qd6+ Ka8 28.
Be3 Qf7 29. a4 b6 30. b4 Qb7 31. b5 Be8 32. a5 Rxc4 33. bxa6 Qxa6 34. axb6 Ba4
35. Rdb1 Qb7 36. Rb4 Rxb4 37. Qxb4 1-0

[Event "2BLN 1718 SV Werder Bremen II - SK Zehl"]
[Site "?"]
[Date "2017.12.10"]
[Round "4.2"]
[White "Meins, Gerlef"]
[Black "Malek, Daniel"]
[Result "1/2-1/2"]
[WhiteElo "2416"]
[BlackElo "2402"]
[PlyCount "99"]
[EventDate "2017.??.??"]

1. Nf3 d5 2. c4 d4 3. e3 Nc6 4. Nxd4 Nxd4 5. exd4 Qxd4 6. Nc3 c6 7. d3 Nh6 8.
Be3 Qd8 9. Bxh6 gxh6 10. d4 Bg7 11. d5 Rg8 12. g3 Bg4 13. Be2 Bxe2 14. Qxe2
Bxc3+ 15. bxc3 cxd5 16. Rd1 Qa5 17. O-O dxc4 18. Rfe1 Qc7 19. Rd4 Rg6 20. Rxc4
Qd7 21. Re4 e6 22. Rd1 Qc6 23. Rc4 Qb6 24. Qe5 Rd8 25. Rxd8+ Qxd8 26. Qb5+ Qd7
27. Rc8+ Ke7 28. Qc5+ Kf6 29. Rc7 Qd8 30. Rxb7 Rg5 31. Qxa7 Qd1+ 32. Kg2 Qd5+
33. Kg1 Qd1+ 34. Kg2 Qd5+ 35. f3 Qd2+ 36. Qf2 Qxc3 37. Rb3 Qc6 38. Qb2+ Kg6 39.
Rb8 f6 40. Qb1+ Rf5 41. Qd3 Qd5 42. Rd8 Qxd3 43. Rxd3 Ra5 44. a3 e5 45. Rc3 h5
46. h4 Rb5 47. Rc2 Ra5 48. Rc3 Rb5 49. Rc2 Ra5 50. Rc3 1/2-1/2

[Event "2BLN 1718 SV Werder Bremen II - SK Zehl"]
[Site "?"]
[Date "2017.12.10"]
[Round "4.3"]
[White "Lagunow, Raphael"]
[Black "Richter, Christian"]
[Result "1/2-1/2"]
[WhiteElo "2376"]
[BlackElo "2357"]
[PlyCount "143"]
[EventDate "2017.??.??"]

1. Nf3 Nf6 2. g3 g6 3. Bg2 Bg7 4. O-O O-O 5. d4 d6 6. c4 Nc6 7. Nc3 a6 8. Bf4
Bf5 9. d5 Na5 10. b3 Ne4 11. Nxe4 Bxe4 12. Rc1 c5 13. Bh3 Bxf3 14. exf3 b5 15.
Bd2 b4 16. f4 Nb7 17. Qc2 a5 18. f5 a4 19. fxg6 hxg6 20. bxa4 Ra7 21. Rfe1 Kh7
22. Bg4 Bf6 23. Bd1 Kg7 24. Qe4 Qd7 25. h4 Rh8 26. Re3 Nd8 27. a3 Bb2 28. axb4
Bxc1 29. Bxc1 cxb4 30. Bb2+ f6 31. Bd4 Rc7 32. Bb6 Rb7 33. a5 Nf7 34. Bc2 Rh6
35. f4 Kf8 36. Qf3 Rb8 37. Re1 Rc8 38. Bb3 Rh8 39. a6 Ra8 40. Ra1 Qc8 41. a7
Qb7 42. Qf2 Kg7 43. Ba4 Rhc8 44. Bb5 b3 45. Bd4 Nh6 46. Qb2 Nf5 47. Bf2 Nxg3
48. Bxg3 Rxa7 49. Rf1 Ra2 50. Qxb3 Rca8 51. Qf3 Qc8 52. f5 Ra1 53. Qg4 Qxf5 54.
Qxf5 gxf5 55. Rxa1 Rxa1+ 56. Kg2 Ra3 57. Bf4 Rc3 58. h5 Kf7 59. h6 Kf8 60. Kf2
Kf7 61. Bd2 Rh3 62. Bd7 Rh2+ 63. Ke1 f4 64. Be6+ Kg6 65. Bxf4 Rh4 66. Be3 Rxc4
67. Bg8 Rc8 68. h7 Kg7 69. Bh6+ Kh8 70. Be6 Ra8 71. Bg8 Rxg8 72. hxg8=R+
1/2-1/2

[Event "2BLN 1718 SV Werder Bremen II - SK Zehl"]
[Site "?"]
[Date "2017.12.10"]
[Round "4.4"]
[White "Grigorian, Spartak"]
[Black "Stachowiak, Kamil"]
[Result "1/2-1/2"]
[WhiteElo "2344"]
[BlackElo "2432"]
[PlyCount "82"]
[EventDate "2017.??.??"]

1. d4 Nf6 2. Nf3 e6 3. c4 d5 4. Nc3 Be7 5. Bf4 O-O 6. e3 b6 7. Bd3 dxc4 8. Bxc4
Bb7 9. O-O a6 10. Qe2 b5 11. Bd3 Nbd7 12. Rad1 Bd6 13. Ne5 Re8 14. a3 Nf8 15.
Bg5 Be7 16. Bxf6 Bxf6 17. f4 Be7 18. Bb1 f6 19. Nd3 Kh8 20. Rd2 Qb8 21. Qh5 Rd8
22. Rdf2 Bc6 23. Ba2 Be8 24. Qf3 c5 25. Nxc5 Bxc5 26. dxc5 b4 27. axb4 Qxb4 28.
f5 exf5 29. c6 Qc5 30. Qxf5 Qxf5 31. Rxf5 Bxc6 32. Rc5 Rac8 33. Rd1 Rxd1+ 34.
Nxd1 Nd7 35. Ra5 Bb7 36. Nc3 Ne5 37. Be6 Rd8 38. Bd5 Bxd5 39. Nxd5 h6 40. e4
Rc8 41. h3 Nd3 1/2-1/2

[Event "2BLN 1718 SV Werder Bremen II - SK Zehl"]
[Site "?"]
[Date "2017.12.10"]
[Round "4.5"]
[White "Brodowski, Piotr"]
[Black "Charmeteau, Sven"]
[Result "1-0"]
[WhiteElo "2430"]
[BlackElo "2315"]
[PlyCount "71"]
[EventDate "2017.??.??"]

1. c4 e5 2. Nc3 Nf6 3. g3 d5 4. cxd5 Nxd5 5. Bg2 Nb6 6. e3 Be7 7. Nge2 O-O 8.
O-O c6 9. f4 N8d7 10. h3 f5 11. b4 Kh8 12. Rb1 a6 13. a4 Nc4 14. d3 Nd6 15. Kh1
Bf6 16. Qc2 Re8 17. e4 fxe4 18. Nxe4 Nxe4 19. dxe4 Qe7 20. Be3 a5 21. b5 cxb5
22. Nc3 Ra6 23. Nd5 Qd8 24. axb5 Rd6 25. Rfd1 g6 26. Rbc1 Bg7 27. Qc7 Qxc7 28.
Rxc7 Nf6 29. Rdc1 Rdd8 30. Nb6 Bd7 31. Nxd7 Rxd7 32. Rxd7 Nxd7 33. Rc7 Nf6 34.
Rxb7 Nh5 35. Bf3 Nxg3+ 36. Kg2 {ZÜ} 1-0

[Event "2BLN 1718 SV Werder Bremen II - SK Zehl"]
[Site "?"]
[Date "2017.12.10"]
[Round "4.6"]
[White "Mueller, Oliver"]
[Black "Luch, Michal"]
[Result "0-1"]
[WhiteElo "2290"]
[BlackElo "2398"]
[PlyCount "68"]
[EventDate "2017.??.??"]

1. d4 Nf6 2. c4 e6 3. Nf3 d5 4. g3 dxc4 5. Qa4+ Nbd7 6. Bg2 a6 7. Qxc4 b5 8.
Qc2 Bb7 9. O-O c5 10. a4 Rc8 11. axb5 axb5 12. Qb3 Qb6 13. Be3 c4 14. Qd1 Nd5
15. Bd2 b4 16. e4 N5f6 17. d5 Bc5 18. Qe2 O-O 19. dxe6 fxe6 20. Ng5 h6 21. Nh3
Bd4 22. Be3 Bxe3 23. fxe3 Bxe4 24. Bxe4 Nxe4 25. Nd2 Nxd2 26. Qxd2 Rxf1+ 27.
Rxf1 Ne5 28. Nf4 Rd8 29. Qe2 c3 30. bxc3 bxc3 31. Ng2 Rd2 32. Qh5 Qc6 33. Nf4
c2 34. Rc1 Nf3+ 0-1

[Event "2BLN 1718 SV Werder Bremen II - SK Zehl"]
[Site "?"]
[Date "2017.12.10"]
[Round "4.7"]
[White "Ribic, Kasmir"]
[Black "Asendorf, Joachim"]
[Result "1/2-1/2"]
[WhiteElo "2274"]
[BlackElo "2252"]
[PlyCount "45"]
[EventDate "2017.??.??"]

1. d4 d5 2. Nf3 c5 3. c4 e6 4. cxd5 exd5 5. Nc3 Nc6 6. g3 Nf6 7. Bg2 Be7 8. O-O
O-O 9. dxc5 Bxc5 10. Bg5 d4 11. Ne4 Be7 12. Bxf6 Bxf6 13. Ne1 Re8 14. Nd3 Bf5
15. Ndc5 Rb8 16. Rc1 Be7 17. Qd2 Bf8 18. Qf4 Be6 19. Nd3 Rc8 20. Bf3 Qc7 21.
Nec5 Bd6 22. Qd2 Qe7 23. Nb3 1/2-1/2

[Event "2BLN 1718 SV Werder Bremen II - SK Zehl"]
[Site "?"]
[Date "2017.12.10"]
[Round "4.8"]
[White "Krallmann, Matthias"]
[Black "Kalabic, Faris"]
[Result "1/2-1/2"]
[WhiteElo "2132"]
[BlackElo "2205"]
[PlyCount "49"]
[EventDate "2017.??.??"]

1. d4 Nf6 2. c4 e6 3. Nf3 b6 4. g3 Bb7 5. Bg2 c5 6. O-O cxd4 7. Qxd4 Bc5 8. Qf4
O-O 9. Nc3 Nc6 10. Rd1 Rc8 11. b3 Ne7 12. Bb2 Ng6 13. Qd2 a6 14. e3 Qc7 15.
Rac1 Bc6 16. Qe2 Qb7 17. a3 Ne5 18. Nd5 Nxf3+ 19. Qxf3 Ne8 20. Qg4 f5 21. Qg5
exd5 22. cxd5 Bb5 23. a4 Bxa4 24. bxa4 d6 25. Bf1 1/2-1/2

[Event "2BLN 1718 FC St. Pauli - SC Kreuzberg"]
[Site "?"]
[Date "2017.12.10"]
[Round "4.1"]
[White "Lerch, Philipp"]
[Black "Feuerstack, Aljoscha"]
[Result "0-1"]
[WhiteElo "2325"]
[BlackElo "2438"]
[PlyCount "64"]
[EventDate "2017.??.??"]

1. d4 d5 2. Bf4 c5 3. e3 Nc6 4. Nf3 Nf6 5. Nbd2 cxd4 6. exd4 g6 7. c3 Bg7 8. h3
O-O 9. Be2 a6 10. O-O Nh5 11. Bh2 Bh6 12. Re1 Nf4 13. Bf1 f6 14. c4 Kh8 15.
Bxf4 Bxf4 16. cxd5 Nb4 17. Qb3 Nxd5 18. Bc4 Nc7 19. Re4 Bxd2 20. Nxd2 b5 21.
Bf1 Bf5 22. Ree1 Qxd4 23. Rxe7 Ne6 24. Qe3 Qd6 25. Rb7 Nc5 26. Re7 Ne6 27. Rb7
Nc5 28. Re7 Be6 29. Rxe6 Nxe6 30. Re1 Rae8 31. Ne4 Qd4 32. Qh6 Ng7 0-1

[Event "2BLN 1718 FC St. Pauli - SC Kreuzberg"]
[Site "?"]
[Date "2017.12.10"]
[Round "4.2"]
[White "Socko, Monika"]
[Black "Glantz, Robert"]
[Result "1-0"]
[WhiteElo "2471"]
[BlackElo "2331"]
[PlyCount "65"]
[EventDate "2017.??.??"]

1. d4 Nf6 2. c4 e6 3. Nc3 Bb4 4. e3 O-O 5. Nge2 Re8 6. a3 Bf8 7. d5 a5 8. g3
Na6 9. Bg2 Nc5 10. b3 exd5 11. cxd5 b5 12. O-O Ba6 13. b4 axb4 14. axb4 Nce4
15. Qd4 Nd6 16. e4 Nc4 17. Bf4 Ng4 18. h3 Nge5 19. Ra2 Bxb4 20. Bxe5 Bxc3 21.
Nxc3 Nxe5 22. Rfa1 c5 23. Qxc5 Rc8 24. Qd4 Rc4 25. Qd2 b4 26. Nd1 Bb5 27. Ne3
Rc3 28. Qd4 Bc4 29. Ra8 Qxa8 30. Rxa8 Rxa8 31. Qxe5 Bd3 32. Nf5 f6 33. Qe7 1-0

[Event "2BLN 1718 FC St. Pauli - SC Kreuzberg"]
[Site "?"]
[Date "2017.12.10"]
[Round "4.3"]
[White "Kalinitschew, Sergey"]
[Black "Michna, Marta"]
[Result "1-0"]
[WhiteElo "2403"]
[BlackElo "2377"]
[PlyCount "81"]
[EventDate "2017.??.??"]

1. d4 d6 2. e4 Nf6 3. Bd3 e5 4. c3 Be7 5. Nf3 Nbd7 6. O-O O-O 7. Nbd2 c6 8. Re1
Re8 9. Nf1 Bf8 10. Ng3 g6 11. h3 Bg7 12. Bg5 Qb6 13. Qd2 a5 14. Rad1 a4 15. Bc4
Qa5 16. Bh6 Nb6 17. Bf1 Be6 18. Bxg7 Kxg7 19. Nh4 h6 20. Re3 Kh7 21. Rf3 Nbd7
22. Rd3 Nb6 23. Qc1 Kg7 24. f4 exf4 25. Qxf4 Qg5 26. Qf2 Kh7 27. Nf3 Qf4 28. d5
cxd5 29. Ne2 Qxe4 30. Qxb6 Nh5 31. Qxd6 Rad8 32. Qc5 Bf5 33. Rxd5 Rxd5 34. Qxd5
Qe3+ 35. Kh2 Re7 36. Qd4 Qe6 37. Nf4 Nxf4 38. Qxf4 Qxa2 39. Rd8 f6 40. Bc4 Qxb2
41. Rh8+ 1-0